000 00399nam a2200157Ia 4500
003 Ost
005 20260225132539.0
008 260225s9999||||xx |||||||||||||| ||und||
040 _cfsic
041 _afre
082 _a327
100 _aMéredith kingston de leusse
_eAuteur
245 0 _aDiplomate ,une soçiologie des ambassadeurs /
245 0 _cMéredith kingston de leusse
942 _cكتاب
999 _c33402
_d33402